Die gliederung der gesellschaft nach dem wohlstande, auf grund der neuren amtlichen deutschen einkommens- und wohnungsstatistik. (Record no. 23748)

MARC details
000 -LEADER
fixed length control field 00721cam a22002291 4500
001 - CONTROL NUMBER
control field g 01001459
003 - CONTROL NUMBER IDENTIFIER
control field DLC
005 - DATE AND TIME OF LATEST TRANSACTION
control field 20260227111255.0
008 - FIXED-LENGTH DATA ELEMENTS--GENERAL INFORMATION
fixed length control field 821217s1878 gw 000 0 ger
010 ## - LIBRARY OF CONGRESS CONTROL NUMBER
LC control number g 01001459
035 ## - SYSTEM CONTROL NUMBER
System control number (OCoLC)29095185
040 ## - CATALOGING SOURCE
Original cataloging agency DLC
Transcribing agency MnU
Modifying agency DLC
042 ## - AUTHENTICATION CODE
Authentication code premarc
043 ## - GEOGRAPHIC AREA CODE
Geographic area code e-gx---
050 00 - LIBRARY OF CONGRESS CALL NUMBER
Classification number HB41
Item number .S7 bd. 1, heft 5
100 1# - MAIN ENTRY--PERSONAL NAME
Personal name Michaelis, Richard,
Dates associated with a name 1856-
245 14 - TITLE STATEMENT
Title Die gliederung der gesellschaft nach dem wohlstande, auf grund der neuren amtlichen deutschen einkommens- und wohnungsstatistik.
260 ## - PUBLICATION, DISTRIBUTION, ETC.
Place of publication, distribution, etc. Leipzig,
Name of publisher, distributor, etc. Duncker & Humblot,
Date of publication, distribution, etc. 1878.
300 ## - PHYSICAL DESCRIPTION
Extent vii p., 1 l., 134 p.
Dimensions 23 cm.
651 #0 - SUBJECT ADDED ENTRY--GEOGRAPHIC NAME
Geographic name Germany
General subdivision Economic conditions.
650 #0 - SUBJECT ADDED ENTRY--TOPICAL TERM
Topical term or geographic name entry element Income
Geographic subdivision Germany.

No items available.

Powered by Koha